000 00310nam a2200097Ia 4500
008 171204s9999 xx 000 0 und d
245 _aHow Can Physics Underlie the Mind?: Top-Down Causation in the Human Context
260 _c2016
650 _xPhysics
856 _uhttp://down.ebook777.com/045/9783662498071.pdf
999 _c345576
_d345576